MARC details
| 000 -CABECERA |
| campo de control de longitud fija |
01968nam a22003373i 4500 |
| 001 - NÚMERO DE CONTROL |
| campo de control |
991107634355006196 |
| 005 - FECHA Y HORA DE LA ÚLTIMA TRANSACCIÓN |
| campo de control |
20260304145238.0 |
| 006 - CÓDIGOS DE INFORMACIÓN DE LONGITUD FIJA--CARACTERÍSTICAS DEL MATERIAL ADICIONAL |
| campo de control de longitud fija |
m o d | |
| 007 - CAMPO FIJO DE DESCRIPCIÓN FÍSICA--INFORMACIÓN GENERAL |
| campo de control de longitud fija |
cr cnu|||||||| |
| 008 - DATOS DE LONGITUD FIJA--INFORMACIÓN GENERAL |
| campo de control de longitud fija |
251018s2025 xx o ||||0 eng d |
| 020 ## - NÚMERO INTERNACIONAL ESTÁNDAR DEL LIBRO |
| Número Internacional Estándar del Libro |
9781804298107 |
| 035 ## - NÚMERO DE CONTROL DEL SISTEMA |
| Número de control de sistema |
(MiAaPQ)EBC31811879 |
| 035 ## - NÚMERO DE CONTROL DEL SISTEMA |
| Número de control de sistema |
(Au-PeEL)EBL31811879 |
| 035 ## - NÚMERO DE CONTROL DEL SISTEMA |
| Número de control de sistema |
(CKB)41646079900041 |
| 035 ## - NÚMERO DE CONTROL DEL SISTEMA |
| Número de control de sistema |
(OCoLC)1545643737 |
| 035 ## - NÚMERO DE CONTROL DEL SISTEMA |
| Número de control de sistema |
(EXLCZ)9941646079900041 |
| 040 ## - FUENTE DE LA CATALOGACIÓN |
| Centro catalogador/agencia de origen |
MiAaPQ |
| Lengua de catalogación |
eng |
| Normas de descripción |
rda |
| -- |
pn |
| Centro/agencia transcriptor |
MiAaPQ |
| Centro/agencia modificador |
MiAaPQ |
| 041 ## - CÓDIGO DE LENGUA |
| Código de lengua del texto/banda sonora o título independiente |
English |
| 100 ## - ENTRADA PRINCIPAL--NOMBRE DE PERSONA |
| Nombre de persona |
Kurt, Seyda. |
| 9 (RLIN) |
26793 |
| 245 10 - MENCIÓN DE TÍTULO |
| Título |
Hate |
| Resto del título |
: The Uses of a Powerful Emotion. |
| 250 ## - MENCIÓN DE EDICIÓN |
| Mención de edición |
First edition |
| 264 #1 - PRODUCCIÓN, PUBLICACIÓN, DISTRIBUCIÓN, FABRICACIÓN Y COPYRIGHT |
| Producción, publicación, distribución, fabricación y copyright |
New York : |
| Nombre del de productor, editor, distribuidor, fabricante |
Verso Books, |
| Fecha de producción, publicación, distribución, fabricación o copyright |
2025. |
| 300 ## - DESCRIPCIÓN FÍSICA |
| Extensión |
156 pages |
| 520 ## - SUMARIO, ETC. |
| Sumario, etc. |
Who is allowed to hate? Hatred, this grating, corrosive feeling, is omnipresent, roaring from the streets or whispered in bourgeois homes. It thrives in parliamentary speeches, conspiracy theorists' fantasies and children's bedrooms - and certainly not in secret, even if many would like to see it restricted there.<br/><br/>German bestselling author Seyda Kurt frees hatred from its banishment and sets out on the trail of its potential for resistance. She is particularly interested in people as subjects of hatred in a capitalist, racist and patriarchal world. Who are these haters and what power relations do they base them selves on? Who is allowed to hate? Which feelings paralyse, and which ones guide us to a fairer, more caring society?<br/><br/>Ruthlessly, humorously and going beyond any self-righteous indignation, Seyda Kurt explores the possibility of a serviceable hatred that connects with people who feel a deep sense of discontent and helps us to find a collective way forward. |
| 650 #0 - PUNTO DE ACCESO ADICIONAL DE MATERIA--TÉRMINO DE MATERIA |
| Término de materia o nombre geográfico como elemento de entrada |
Hatred — Political aspects. |
| 9 (RLIN) |
26794 |
| 650 #0 - PUNTO DE ACCESO ADICIONAL DE MATERIA--TÉRMINO DE MATERIA |
| Término de materia o nombre geográfico como elemento de entrada |
Social conflict |
| 9 (RLIN) |
355 |
| 650 #0 - PUNTO DE ACCESO ADICIONAL DE MATERIA--TÉRMINO DE MATERIA |
| Término de materia o nombre geográfico como elemento de entrada |
Political culture |
| 9 (RLIN) |
25645 |
| 650 #0 - PUNTO DE ACCESO ADICIONAL DE MATERIA--TÉRMINO DE MATERIA |
| Término de materia o nombre geográfico como elemento de entrada |
Social justice — Philosophy. |
| 9 (RLIN) |
26796 |
| 650 #0 - PUNTO DE ACCESO ADICIONAL DE MATERIA--TÉRMINO DE MATERIA |
| Término de materia o nombre geográfico como elemento de entrada |
Emotions — Social aspects. |
| 9 (RLIN) |
26795 |
| 942 ## - ELEMENTOS DE ENTRADA AGREGADA (KOHA) |
| Fuente del sistema de clasificación o colocación |
Clasificación de Library of Congress |